000 00492nam a2200097Ia 4500
008 170517s9999 xx 000 0 und d
245 _aSuperhuman: Iceman
300 _aAt first glance Dutchman Wim Hof is an average, affable guy, yet he is capable of extraordinary acts. Known as the "Iceman" due to his ability to control his core body temperature in extreme conditions, Superhuman: Iceman follows Hof...
650 _xTechnology.
856 _uhttp://topdocumentaryfilms.com/superhuman-iceman/
999 _c335089
_d335089